Classic Atari 2600 Games by Screenshot - Statistics

General Stats
  • This quiz has been taken 221 times
    149 since last reset
  • The average score is 12 of 20
Answer Stats
Picture Answer % Correct
Pac-Man
98%
Space Invaders
93%
Donkey Kong
88%
Video Olympics
83%
Frogger
81%
E.T. the Extra-Terrastrial
80%
Q*Bert
78%
Asteroids
74%
Mario Bros.
73%
Dig Dug
70%
Pitfall!
65%
Centipede
62%
Pole Position
48%
Missile Command
44%
Adventure
43%
Combat
35%
Atlantis
27%
River Raid
27%
Berzerk
25%
Demon Attack
12%
No matching quizzes found
Score Distribution
Percent of People with Each Score
Percentile by Number Answered
Your Score History
You have not taken this quiz since the last reset